Provinzen von Indonesien - Statistiken

Allgemein
  • Dieses Quiz wurde 101 mal gespielt
  • Das Durchschnittsergebnis liegt bei 12 aus 38
Antworten auf der Karte
Die Antworten werden auf der Karte rot bzw. grün angezeigt, abhängig davon wie oft sie richtig erraten wurden.
 
Antwortstatistiken
Antwort % Korrekt
Bali
67%
Jakarta
65%
Westjava
50%
Nordsulawesi
48%
Südsulawesi
48%
Westsumatra
48%
Nordsumatra
46%
Ostjava
46%
Aceh
43%
Westkalimantan
43%
Zentraljava
43%
Westsulawesi
41%
Ostkalimantan
39%
Papua
39%
Riau
39%
Südsumatra
39%
Zentralsulawesi
39%
Südkalimantan
37%
Zentralkalimantan
37%
Lampung
35%
Nordkalimantan
35%
Westpapua
30%
Südostsulawesi
26%
Banten
24%
Südpapua
22%
Jambi
20%
Zentralpapua
17%
Yogyakarta
15%
Gorontalo
13%
Riau-Inseln
13%
Bangka-Belitung
9%
Bengkulu
9%
Maluku
9%
Nordmaluku
9%
Ost-Nusa-Tenggara
9%
West-Nusa-Tenggara
9%
Südwestpapua
4%
Hochland von Papua
2%
Keine übereinstimmenden Quizze gefunden
Verteilung der Resultate
Anzahl Personen mit jedem Resultat
Perzentil nach korrekt beantworteten Fragen
Ihre Resultats-Entwicklung
Sie haben dieses Quiz noch nicht gespielt